000 00404 a2200169 4500
001 72722
020 _a
040 _cAnchieta - Colégio São Paulo
100 _aNunes, Vera Braga
240 1 0 _aMúsica para crinças
_lpor
245 1 0 _aMúsica para crinças
300 _a173
362 0 _a1954
440 1 _aDelta
650 4 _aColeções gerais em línguas espanhola e portuguesa
942 _cBK
999 _c72722
_d72722